000 00342 a2200133 4500
001 90442
082 _a909.04914122 MAR
090 _c42774
_d42774
100 _aMary Shah Muhammad Dr
245 _aBaloch Qoum
_cDr Shah Muhammad Mary
_hUrdu
260 _aKarachi
_bBook Time
_c2010
300 _a448p.
500 _aGeneral Collection
942 _aCAE NUST
_k909.04914122 MAR
999 _c325515
_d325515